Rues de Varennes - Statistiques

Statistiques générales
  • Ce quiz a été pris 9 fois
    6 depuis la dernière actualisation
  • Le résultat moyen est 61 sur 193
Statistiques - réponses
Secteur Rues % Correct
Marine Sud/Nord de la Marine
100%
Île-Sainte-Thérèse de l'Île
100%
Pré-Vert Sud du Parc
100%
Picardie Picardie
100%
Vieux-Varennes Nord de la Chapelle
67%
Petit-Bois de la Rivière
67%
Carrousel Est Émile-Nelligan
67%
Carrousel Nord Gabrielle-Roy
67%
Carrousel Est Petit
67%
(Multiples) René-Gaultier
67%
Vieux-Varennes Sud Sainte-Thérèse
67%
Picardie Trudeau
67%
Saint-Charles Abraham-Richard
33%
Picardie Alfred-Laliberté
33%
Carrousel Ouest Amos
33%
Picardie André-Laurendeau
33%
Pré-Vert Est Anne-Julien
33%
Saint-Charles Antoine-Morand
33%
Pré-Vert Sud Beauchamp
33%
Vieux-Varennes Nord Beauchemin
33%
Carrousel Ouest Beaucourt
33%
Vieux-Varennes Sud Beauregard
33%
Pré-Vert Sud Bissonnette
33%
Pré-Vert Nord Blain
33%
Pré-Vert Nord Borduas
33%
Carrousel Est Borry
33%
Pré-Vert Nord Brien
33%
Pré-Vert Sud Brunelle
33%
Saint-Charles Calixa-Lavallée
33%
Pré-Vert Sud Charbonneau
33%
Pré-Vert Est Charles-Piot
33%
Saint-Charles Charles-Primeau
33%
Vieux-Varennes Nord Claude-Volant
33%
Carrousel Est Collet
33%
Pré-Vert Nord Dalpé
33%
Vieux-Varennes Nord de Carignan
33%
Carrousel Est de Catalogne
33%
Marine Sud de la Bruyère
33%
Rural Nord de la Butte-aux-Renards
33%
Rural Est de l'Acier (30)
33%
Rural Nord de la Côte-Bissonnette
33%
Marine Sud/Nord de la Côte-d'en-Haut
33%
Marine Sud de la Criée
33%
Vieux-Varennes Sud de la Fabrique
33%
Marine Sud de la Fenaison
33%
Marine Nord de la Futaie
33%
Marine Nord de la Gabelle
33%
Marine Sud de l'Amadou
33%
Marine Sud de la Margelle
33%
Marine Sud de la Métairie
33%
Marine Nord de l'Ancre
33%
Picardie de la Petite-Prairie
33%
Rural Nord de la Pointe-aux-Pruches
33%
Marine Nord de la Prairie
33%
Vieux-Varennes Nord de la Presqu'île
33%
Petit-Bois de l'Aqueduc
33%
Marine Sud de la Saline
33%
Marine Nord de la Sarcelle
33%
Marine Sud de la Tasserie
33%
Marine Sud de la Tenure
33%
Marine Sud de l'Âtre
33%
Carrousel Ouest de la Verendrye
33%
Rural Sud de l'Énergie
33%
Saint-Charles de Normandie
33%
Marine Sud/Nord des Arondelles
33%
Marine Nord des Aulnes
33%
Marine Nord des Bordages
33%
Marine Sud des Censitaires
33%
Marine Nord des Embruns
33%
Vieux-Varennes Nord des Érables
33%
Marine Nord des Goélettes
33%
Marine Sud des Intendants
33%
Marine Nord des Moissons
33%
Marine Nord des Semailles
33%
Vieux-Varennes Sud des Tilleuls
33%
Vieux-Varennes Nord D'Iberville
33%
Pré-Vert Sud Doucet
33%
Carrousel Ouest Dubois
33%
Carrousel Ouest du Buron
33%
Vieux-Varennes Nord du Calvaire
33%
Marine Nord du Chaland
33%
Marine Sud du Champart
33%
Marine Sud du Dévidois
33%
Marine Nord du Domaine
33%
Marine Nord du Fief
33%
Île-Sainte-Thérèse du Fleuve
33%
Marine Nord du Fournil
33%
Marine Sud du Froment
33%
Rural Sud du Lac
33%
Vieux-Varennes Nord du Parcours
33%
Rural Sud du Pays-Brûlé
33%
Petit-Bois/Rural Sud du Petit-Bois
33%
Pré-Vert Est Durocher
33%
Marine Sud/Nord du Saint-Laurent
33%
Petit-Bois du Souvenir
33%
Marine Nord du Terroir
33%
Marine Nord du Trécarré
33%
Vieux-Varennes Sud d'Youville
33%
Pré-Vert Nord Émond
33%
Picardie Ernest-Cormier
33%
Picardie Félix-Leclerc
33%
Carrousel Nord Félix-Mesnard
33%
Vieux-Varennes Nord Frontenac
33%
Pré-Vert Nord Geoffrion
33%
Vieux-Varennes Nord Guévremont
33%
Pré-Vert Est Ignace-Hébert
33%
Pré-Vert Sud Jacques-Lemoyne
33%
Vieux-Varennes Nord Jacques-Lussier
33%
Pré-Vert Sud Jean-Bousquet
33%
Rural Sud Jean-Coutu
33%
Vieux-Varennes Nord Jobin
33%
Vieux-Varennes Sud Jodoin
33%
Carrousel Est Judith-Jasmin
33%
Petit-Bois Jules-Phaneuf
33%
Picardie Labarre
33%
Pré-Vert Est Langevin
33%
Vieux-Varennes Nord Langlois
33%
Carrousel Nord Laure-Conan
33%
Saint-Charles Lavoie
33%
Pré-Vert Nord le Brodeur
33%
Carrousel Ouest Lecavalier
33%
Pré-Vert Sud Legault
33%
Picardie Liébert
33%
Rural Sud Lionel-Boulet
33%
Carrousel Nord Louis-Berlinguet
33%
Pré-Vert Nord Malo
33%
Carrousel Nord Marc-Aurèle-Fortin
33%
Vieux-Varennes Nord Marie-L'Huissier
33%
Pré-Vert Est Marie-Moyen
33%
Picardie Marie-Renée
33%
(Multiples) Marie-Victorin
33%
Picardie Martin
33%
Vieux-Varennes Sud Massue
33%
Pré-Vert Est Michel-du-Gué
33%
Vieux-Varennes Nord Michel-Messier
33%
Carrousel Est Mongeau
33%
Saint-Charles Napoléon-Duschesnois
33%
Pré-Vert Est Nicolas-Chapu
33%
Pré-Vert Sud Nicolas-Choquet
33%
Pré-Vert Nord Parisot
33%
Pré-Vert Sud Pelletier
33%
Carrousel Est Perrault
33%
Carrousel Ouest Pierre-Boucher
33%
Saint-Charles Poitras
33%
Pré-Vert Sud Provost
33%
(Multiples) Quévillon
33%
Saint-Charles Racicot
33%
Vieux-Varennes Nord Rioux
33%
Saint-Charles Robert
33%
Saint-Charles Rousseau
33%
(Multiples) Route 132
33%
Carrousel Nord Roy-Audy
33%
Vieux-Varennes Nord Saint-André
33%
Vieux-Varennes Sud Saint-Charles
33%
Vieux-Varennes Sud/Nord Sainte-Anne
33%
Vieux-Varennes Sud Sainte-Marie
33%
Vieux-Varennes Sud Saint-Eugène
33%
Vieux-Varennes Sud Saint-Joseph
33%
Vieux-Varennes Nord Saint-Marc
33%
Carrousel Ouest Sanguinet
33%
Pré-Vert Sud Savaria
33%
Carrousel Est Sénécal
33%
Carrousel Est Suzor-Côté
33%
Picardie Théodore-Robitaille
33%
Vieux-Varennes Sud Thomas
33%
Vieux-Varennes Nord Victor-Bourgeau
33%
Vieux-Varennes Sud Vincent
33%
Rural Est Charles Aimé Geoffrion
0%
Rural Nord de la Baronnie
0%
Rural Sud de la Rivière-aux-Pins
0%
Pré-Vert Sud de Martigny
0%
Rural Est des Carrières
0%
Rural Est des Coulées
0%
Carrousel Est Desmarais
0%
Rural Nord des Polymères
0%
Île-Sainte-Thérèse des Ruisseaux
0%
Rural Est des Sucreries
0%
Rural Est du Cordon
0%
Carrousel Est Dufrost
0%
Picardie Fernand-Séguin
0%
Carrousel Ouest Girard
0%
Rural Sud Giron
0%
Pré-Vert Est Grosbois
0%
Pré-Vert Est Jean-Cadieux
0%
Carrousel Nord Jean-Desprez
0%
Saint-Charles Jeanne-Hayet
0%
Rural Sud Jean-Paul-Choquet
0%
Carrousel Est Labadie
0%
Saint-Charles Ludger-Duvernay
0%
Vieux-Varennes Nord Michel-Brisset
0%
Picardie Riendeau
0%
Saint-Charles Suzanne-Bouvier
0%
Rural Nord Vincent-Chornet
0%
Aucun quiz correspondant
Distribution des résultats
% des personnes avec chaque résultat
Percentile par nombre de réponses
Votre historique - résultats
Vous n’avez pas pris ce quiz depuis la dernière actualisation